000 00503nam a2200217Ia 4500
003 OSt
005 20220928135330.0
006 a|||||r|||| 00| 0
007 ta
008 220927b |||||||| |||| 00| 0 eng d
024 _a1170
037 _cTextual
040 _aSDCL
_cSDCL
_beng
041 _2eng
_aeng
082 _aO,3x, M1
100 _aBaba Henu
_9489765
245 0 _aGaihu ka gulab
260 _c1981
942 _hO,3x, M1
_cTEXL
_2CC
999 _c805068
_d805068